Ay demir / (Kayıt no. 9616)

MARC ayrıntıları
000 -BAŞLIK
Sabit Uzunluktaki Kontrol Alanı 00554nam a22001937a 4500
003 - KONTROL NUMARASI KİMLİĞİ
Kontrol Alanı KOHA_MİRAKIL
005 - EN SON İŞLEM TARİHİ ve ZAMANI
Kontrol Alanı 20251125105602.0
008 - SABİT UZUNLUKTAKİ VERİ ÖGELERİ - GENEL BİLGİ
Sabit Alan 251125b tu ||||| |||| 00| 0 tur d
020 ## - ISBN - ULUSLARARASI STANDART KİTAP NUMARASI
Isbn 9786254291579
040 ## - KATALOGLAMA KAYNAĞI
Özgün Kataloglama Kurumu TR-AnABB
Kataloglama Dili tur
Çeviri Kurumu TR-AnABB
041 ## - DİL KODU
Metin ya da ses kaydının dil kodu tur
082 ## - DEWEY ONU SINIFLAMA SİSTEMİ
Sınıflama Numarası 813.41
Cutter numarası TEK 2022
100 1# - KİŞİ ADI
Yazar Adı (Kişi adı) Tek, Müfide Ferit,
245 10 - ESER ADI BİLDİRİMİ
Başlık Ay demir /
Sorumluluk Bildirimi Müfide Ferit Tek
260 ## - YAYIN, DAĞITIM, VB.
Yayın Yeri İstanbul :
Yayınevi Türkiye İş Bankası Kültür Yayınları,
Yayın Tarihi 2022
300 ## - FİZİKSEL TANIMLAMA
Sayfa, Cilt vb. 124 sayfa ;
Boyutları 21 cm
650 04 - KONU BAŞLIĞI EK GİRİŞ - KONU TERİMİ
Konusal terim veya coğrafi ad Türk edebiyatı, roman
942 ## - EK GİRİŞ ÖGELERİ (KOHA)
Sınıflama Kaynağı Dewey Decimal Classification
Materyal Türü Kitap
900 ## - YEREL BİLGİ
Kontrol Gizem YORULMAZ
Mevcut
Geri Çekilme Durumu Kayıp Durumu Sınıflandırma Kaynağı Kredi için değil Kalıcı Konum Mevcut Konum Kayıt Tarih Toplam Ödünçverme Yer Numarası Demirbaş Numarası Son Görülme Tarihi Fatura Tarihi Materyal Türü
    Dewey Decimal Classification   Büyükşehir Genç Akademi Batıkent Büyükşehir Genç Akademi Batıkent 25/11/2025   813.41 TEK 2022 ABB125744 25/11/2025 25/11/2025 Kitap